| 000 | 01884cam a2200481 4500 | ||
|---|---|---|---|
| 001 | ##L132374 | ||
| 008 | 000000n2006 000 0 eng u | ||
| 020 | _a0421914602 | ||
| 035 | _a(Sirsi) u132374 | ||
| 041 | 0 | _aeng | |
| 050 | 0 | 4 |
_a346.41032 _c18 |
| 245 |
_aJackson and Powell on professional negligence _bfourth cumulative supplement to the fifth edition _bup-to-date until September 2005 |
||
| 250 | _a4th ed. | ||
| 260 |
_aLondon _bSweet and Maxwell _c2006 |
||
| 300 |
_alvii, 242p. _c24cm. |
||
| 490 | 0 | _aSweet and Maxwell Common Law Library | |
| 520 | _aThis supplement brings "Jackson and Powell on professional negligence" (ISBN 0421826002) up to date to September 2005, including recent case law. | ||
| 650 | 2 | 4 | _aPROCEEDS OF CRIME ACT 2002 |
| 650 | 2 | 4 | _aTHOMSON V CHRISTIE MANSON AND WOODS |
| 650 | 2 | 4 | _aGREGG V SCOTT |
| 650 | 2 | 4 | _aCHESTER V AFSHAR |
| 650 | 2 | 4 | _aMUNKENBECK AND MARSHALL V MICHAEL HAROLD |
| 650 | 2 | 4 | _aMIRANT-ASIA PACIFIC LTD V OVE ARUP AND PARTNERS INTERNATIONAL LTD |
| 650 | 2 | 4 | _aSEYMOUR V CAROLINE OCKWELL AND CO AND ZURICH LTD |
| 690 | _aMANAGEMENT-BUSINESS MANAGEMENT-PROFESSIONAL PRACTICE-NEGLIGENCE | ||
| 700 |
_aPowell, John L. _xGeneral Editor |
||
| 700 |
_aStewart, Roger _xGeneral Editor |
||
| 700 |
_aCannon, Mark _xEditor |
||
| 700 |
_aElkington, Ben _xEditor |
||
| 700 |
_aEvans, Hugh L. _xEditor |
||
| 700 |
_aHalpern, David _xEditor |
||
| 700 |
_aMcPherson, Graeme _xEditor |
||
| 700 |
_aMulcahy, Leigh-Ann _xEditor |
||
| 700 |
_aSinclair, Fiona _xEditor |
||
| 700 |
_aSutherland, Paul _xEditor |
||
| 700 |
_aAllen, Scott _xAssistant Editor |
||
| 700 |
_aChapman, Graham _xAssistant Editor |
||
| 700 |
_aDay, Anneliese _xAssistant Editor |
||
| 700 |
_aMirchandani, Sian _xAssistant Editor |
||
| 700 |
_aSavage, Amanda _xAssistant Editor |
||
| 700 |
_aJackson, Rupert Matthew _cSir _d1948- |
||
| 942 | _n0 | ||
| 999 |
_c105111 _d105111 |
||